MARC details
| 000 -LEADER |
| fixed length control field |
01318nam a2200241 a 4500 |
| 008 - FIXED-LENGTH DATA ELEMENTS--GENERAL INFORMATION |
| fixed length control field |
220113s2016 ||||||||||||||||| || u |
| 020 ## - INTERNATIONAL STANDARD BOOK NUMBER |
| International Standard Book Number |
9780128005408 |
| 050 ## - LIBRARY OF CONGRESS CALL NUMBER |
| Classification number |
QH 518.5 Iva |
| 100 ## - MAIN ENTRY--PERSONAL NAME |
| Personal name |
Vlaski-Lafarge, Marija |
| 245 10 - TITLE STATEMENT |
| Title |
Anaerobiosis and stemness: an evolutionary paradigm |
| Statement of responsibility, etc. |
By Zoran Ivanovic; Marija Vlaski-Lafarge |
| 260 ## - PUBLICATION, DISTRIBUTION, ETC. |
| Place of publication, distribution, etc. |
London |
| Name of publisher, distributor, etc. |
Academic Press is an imprint of Elsevier |
| Date of publication, distribution, etc. |
2016 |
| 300 ## - PHYSICAL DESCRIPTION |
| Extent |
viii, 312 pages |
| 650 ## - SUBJECT ADDED ENTRY--TOPICAL TERM |
| Topical term or geographic name entry element |
ANAEROBIOSIS |
| 650 ## - SUBJECT ADDED ENTRY--TOPICAL TERM |
| Topical term or geographic name entry element |
BIOLOGICAL EVOLUTION |
| 650 ## - SUBJECT ADDED ENTRY--TOPICAL TERM |
| Topical term or geographic name entry element |
CELL HYPOXIA |
| 650 ## - SUBJECT ADDED ENTRY--TOPICAL TERM |
| Topical term or geographic name entry element |
STEM CELLS |
| 650 ## - SUBJECT ADDED ENTRY--TOPICAL TERM |
| Topical term or geographic name entry element |
CELL LINEAGE |
| 700 ## - ADDED ENTRY--PERSONAL NAME |
| Personal name |
Ivanovic, Zoran |
| 995 ## - |
| -- |
MEDICAL LIBRARY OPEN ACCESS |
| -- |
905237 |
| -- |
CBU-SCHOOL OF MEDICINE LIBRARY (Ndola) |
| -- |
QH 518.5 Iva |
| -- |
AVAILABLE |
| -- |
Jan 18, 2022 |
| -- |
905237 |
| -- |
Medical Library Open Access Collection |
| 995 ## - |
| -- |
MEDICAL LIBRARY OPEN ACCESS |
| -- |
905238 |
| -- |
CBU-SCHOOL OF MEDICINE LIBRARY (Ndola) |
| -- |
QH 518.5 Iva |
| -- |
AVAILABLE |
| -- |
Jan 18, 2022 |
| -- |
905238 |
| -- |
Medical Library Open Access Collection |
| 995 ## - |
| -- |
MEDICAL LIBRARY OPEN ACCESS |
| -- |
905240 |
| -- |
CBU-SCHOOL OF MEDICINE LIBRARY (Ndola) |
| -- |
QH 518.5 Iva |
| -- |
AVAILABLE |
| -- |
Jan 18, 2022 |
| -- |
905240 |
| -- |
Medical Library Open Access Collection |
| 995 ## - |
| -- |
MEDICAL LIBRARY OPEN ACCESS |
| -- |
905239 |
| -- |
CBU-SCHOOL OF MEDICINE LIBRARY (Ndola) |
| -- |
QH 518.5 Iva |
| -- |
AVAILABLE |
| -- |
Jan 18, 2022 |
| -- |
905239 |
| -- |
Medical Library Open Access Collection |
| 999 ## - |
| -- |
63666 |
| -- |
63666 |